Roxette: Albums by Cover - Statistics

General Stats
  • This quiz has been taken 5 times
  • The average score is 6 of 10
Answer Stats
Picture Hint Answer % Correct
1991 Joyride
100%
1994 Crash! Boom! Bang!
80%
1988 Look Sharp!
80%
1986 Pearls of Passion
80%
1992 Tourism
80%
2001 Room Service
60%
2011 Charm School
40%
2016 Good Karma
40%
1999 Have a Nice Day
40%
2012 Travelling
20%
No matching quizzes found
Score Distribution
Percent of People with Each Score
Percentile by Number Answered
Your Score History
You have not taken this quiz